| 000 | 00526nam a2200157Ia 4500 | ||
|---|---|---|---|
| 008 | 210716s2009 xx 000 0 und d | ||
| 020 | _a9788131711460 | ||
| 041 | _aeng | ||
| 082 | _a005.3 PARM | ||
| 100 | _aParthasarathy, M A. | ||
| 245 |
_aPractical software estimation: function point methods for insourced and outsourced projects. _bFunction point methods for insourced and outsourced projects. |
||
| 250 | _a1 | ||
| 260 |
_aNew Delhi _bPearson Education _c2009 |
||
| 300 | _axxxi,388/2013 | ||
| 650 | _aPrograms(005.3) | ||
| 999 |
_c195099 _d195099 |
||